Vědeckotechnické parky na podporu drobného podnikání.

Vedeckotechnický park, ktorý sa začína v ČSFR formovať má poskytovať rôzne služby začínajúcim podnikateľom. Kolískou vedeckých parkov - inovačných centier - inkubátorov sú USA. Pôsobia ako komplexy vedeckovýskumných, projektových a výrobných organizácií umiestených spravidla pri vysokých školách. Ta...

Descrizione completa

Salvato in:
Dettagli Bibliografici
Autore principale: Masojídek, M.
Altri autori: Sígl, M.
Natura: Capitolo di libro
Lingua:ceco
Soggetti:
Tags: Aggiungi Tag
Nessun Tag, puoi essere il primo ad aggiungerne!!

MARC

LEADER 00000naa a2200000 4500
001 r009346
005 20220831084212.5
041 0 |a cze 
044 |a [CS] 
245 1 0 |a Vědeckotechnické parky na podporu drobného podnikání.  |c M. Masojídek, M. Sígl 
520 |a Vedeckotechnický park, ktorý sa začína v ČSFR formovať má poskytovať rôzne služby začínajúcim podnikateľom. Kolískou vedeckých parkov - inovačných centier - inkubátorov sú USA. Pôsobia ako komplexy vedeckovýskumných, projektových a výrobných organizácií umiestených spravidla pri vysokých školách. Takým je napr. známy vedecký park - Kremíkové údolie. Niektoré spoločné črty zakladania vedeckotechnických parkov v rôznych krajinách. Vývoj týchto parkov v ČSFR. 
610 2 0 |a parky vedeckotechnické 
610 2 0 |a inovácia 
610 2 0 |a podnikanie drobné 
100 1 |a Masojídek, M. 
700 1 |a Sígl, M.